000 00325nam a2200133Ia 4500
005 20260328104328.0
008 260328s9999||||xx |||||||||||||| ||und||
100 _aJoy, Rick
245 0 _aStudio Joy Works /
_cRick Joy
260 _bPrinceton Architectural Press
300 _a207 p.
650 _aARQUITECTURA
942 _cBK
999 _c11612
_d11612